000 00946nam a2200241 i 4500
001 79140
003 ES-MaACL
005 20251004063124.0
007 t|
008 041019s1930 sp |||| |dspa d
100 1 _aHernández Díaz, José,
_d1906-1998
_962929
245 1 0 _aMateriales para la historia del arte español /
_cpor José Hernández Díaz.
260 _aSevilla :
_b[s.n.,
_c1930] (
_fImp. Raimundo Blanco)
300 _a122 p. ;
_c25 cm.
490 1 _aDocumentos para la historia del arte en Andalucía ;
_v2
594 _aPrecede al tít.: Universidad de Sevilla. Facultad de Filosofía y Letras. Laboratorio de Arte.
650 4 _aArtistas-
_zAndalucía.
_9168622
650 0 4 _aArte-
_zAndalucía.
_910073
710 2 _aUniversidad de Sevilla.
_bLaboratorio de Arte.
_97311
830 0 _aDocumentos para la historia del arte en Andalucía ;
_v2
_9231422
852 _aES-MaACL
_jB-4960
999 _c79140
_d79140